[Event "Thessaloniki ol (Men)"]
[Site "Thessaloniki"]
[Date "1988.??.??"]
[Round "4"]
[White "Depasquale, Chris"]
[Black "Georgiev, Krum"]
[Result "0-1"]
[WhiteElo "2325"]
[BlackElo "2505"]

1.d4 Nf6 2.Bg5 d5 3.Bxf6 gxf6 4.e3 c5 5.Nc3 Nc6 6.Qh5 e6 7.O-O-O f5 8.Nf3 Bd7
9.Bb5 Qf6 10.Bxc6 Bxc6 11.Ne5 cxd4 12.exd4 Qh6+ 13.Qxh6 Bxh6+ 14.Kb1 Rc8
15.Rd3 Bf8 16.Re1 Bb4 17.Rf3 O-O 18.g4 fxg4 19.Nxg4 Kh8 20.Nf6 Be7 21.Nxh7 Rg8
22.Nf6 Rg5 23.a3 Kg7 24.h4 Rg6 25.Nh5+ Kg8 26.Nf4 Rf6 27.Rg3+ Kf8 28.Nd3 Rh6
29.Reg1 Rh8 30.Rg4 Be8 31.h5 Bf6 32.Rh1 Rh6 33.Ne5 Bg7 34.Ne2 Bb5 35.Nf4 Bxe5
36.dxe5 Rc4 37.b3 Re4 38.Rhg1 Ke7 39.a4 Ba6 40.f3 Rxe5 41.Rh4 Kf8 42.Kc1 Rf5
43.Kd2 b6 44.Rg3 Bb7 45.Rgh3 d4 46.Ne2 Rxf3 47.Rxf3 Bxf3 48.Nxd4 Bxh5 49.Nc6 a6
50.Nb8 Ke7 51.Nxa6 e5 52.Ke1 f5 53.c4 Kf6 54.c5 Kg5 55.Rh2 e4 56.cxb6 Rxb6
57.Nc5 e3 58.Rh3 f4 59.a5 Rc6 60.b4 f3 61.a6 f2+  0-1

[Event "Thessaloniki ol (Men)"]
[Site "Thessaloniki"]
[Date "1988.??.??"]
[Round "9"]
[White "Fernandes, Antonio"]
[Black "Pelts, Roman"]
[Result "1-0"]
[WhiteElo "2400"]
[BlackElo "2435"]

1.d4 Nf6 2.Bg5 d5 3.Bxf6 exf6 4.c4 dxc4 5.e3 Bd6 6.Bxc4 O-O 7.Ne2 a6 8.O-O f5
9.Nd2 Nd7 10.Bd3 Nf6 11.Qc2 g6 12.Nc4 Be6 13.Nxd6 Qxd6 14.Nf4 c6 15.Rfc1 Bd5
16.Qc5 Rad8 17.b4 Be4 18.Be2 Nd5 19.Qxd6 Rxd6 20.Nxd5 Bxd5 21.g3 Re8 22.Bd3 Kg7
23.a4 Kf6 24.Ra3 g5 25.Rc5 h5 26.Bf1 f4 27.Bg2 f3 28.Bf1 h4 29.g4 h3 30.Bxh3 Be6
31.Bf1 Bxg4 32.h3 Bf5 33.Kh2 Rh8 34.Kg3 Rh4 35.b5 cxb5 36.axb5 axb5 37.Rxb5 Be4
38.Raa5 Rh5 39.Re5 Re6 40.Bc4 Rxe5 41.Rxe5 Bc6 42.Bb5 Kg6 43.Bxc6 bxc6 44.Rc5 f5
45.Rxc6+ Kf7 46.Rc1 Kf6 47.Rh1 g4 48.Rh2 gxh3 49.Rxh3 f4+ 50.Kg4  1-0

[Event "Tirnavia"]
[Site "Trnava"]
[Date "1988.??.??"]
[Round "?"]
[White "Meduna, Eduard"]
[Black "Balashov, Yuri S"]
[Result "1/2-1/2"]
[WhiteElo "2505"]
[BlackElo "2555"]

1.d4 Nf6 2.Bg5 d5 3.Bxf6 gxf6 4.c4 c5 5.Nc3 cxd4 6.Qxd4 dxc4 7.Qxd8+ Kxd8
8.e4 e6 9.Bxc4 Bb4 10.Ne2 Bd7 11.a3 Ba5 12.O-O-O Ke7 13.f4 Rc8 14.Bb3 b5
15.Kb1 a6 16.Rd3 Nc6 17.Rhd1 Ra7 18.Rh3 Rh8 19.Rh6 Bd8 20.g4 Rb7 21.h4 Na5
22.Ba2 b4 23.axb4 Rxb4 24.g5 fxg5 25.hxg5 Bc7 26.g6 fxg6 27.Rdh1 Nc4 28.Rxh7+ Rxh7
29.Rxh7+ Kd8 30.Bxc4 Rxc4 31.Kc2 Bb6 32.Rh6 Be8 33.f5 exf5 34.exf5 Rc6 35.fxg6 Bxg6+
36.Kd2 Rd6+ 37.Ke1 Be3 38.Rh3 Bd2+ 39.Kf2 Rb6 40.Rg3 Ke8 41.Nd5 Rd6 42.Nec3 Bh6
43.Rg4 Bg7 44.Rb4 Be5 45.Kf3 Bf5  1/2-1/2

[Event "URS-ch otbor56"]
[Site "Uzhgorod"]
[Date "1988.??.??"]
[Round "?"]
[White "Efimov, Igor"]
[Black "Yanvarjov, Igor"]
[Result "0-1"]
[WhiteElo "2405"]
[BlackElo "2365"]

1.d4 d5 2.Bg5 Nf6 3.Bxf6 exf6 4.e3 Bd6 5.Nd2 O-O 6.Bd3 f5 7.Qf3 f4 8.exf4 Qf6
9.Ne2 Bf5 10.g3 Nc6 11.c3 Rfe8 12.O-O Re6 13.Rfe1 Rae8 14.Nf1 Ne7 15.Rad1 Qg6
16.Bxf5 Nxf5 17.Kh1 h5 18.Rd2 Qg4 19.Qxg4 hxg4 20.a3 c6 21.Kg2 Bxf4 22.Rc2 Bh6
23.h3 gxh3+ 24.Kxh3 Nd6 25.Kg2 a5 26.a4 b5 27.axb5 cxb5 28.Kf3 Ne4 29.Kg2 Nd2
30.Ne3 Bxe3 31.fxe3 Nc4 32.Rcc1 Rxe3 33.Kf2 g5 34.Rb1 R8e6 35.b3 Rf6+ 36.Kg2 Nd2
37.Rb2 Ne4 38.Rf1 Rxe2+ 39.Rxe2 Rxf1 40.Rxe4 dxe4 41.Kxf1  0-1

[Event "FRA-ch"]
[Site "Val Thorens"]
[Date "1988.??.??"]
[Round "3"]
[White "Giffard, Nicolas"]
[Black "Hauchard, Arnaud"]
[Result "1/2-1/2"]
[WhiteElo "2345"]
[BlackElo "2130"]

1.d4 Nf6 2.Bg5 c5 3.Bxf6 gxf6 4.d5 Qb6 5.Qc1 f5 6.g3 Bg7 7.c3 d6 8.Nd2 Nd7
9.Bg2 Ne5 10.Ngf3 Ng6 11.e3 e6 12.dxe6 fxe6 13.a4 Qc7 14.a5 Bd7 15.O-O Rd8
16.Qd1 d5 17.Ng5 Ke7 18.Qb3 Bf6 19.Ngf3 Kf7 20.c4 Bc6 21.Qa3 dxc4 22.Nxc4 Bd5
23.Rac1 Qe7 24.Nfd2 Bxg2 25.Kxg2 Rd7 26.f4 Rhd8 27.Nf3 Rd5 28.Qa4 R8d7 29.Qc2 Rd3
30.h4 h5 31.Qe2 Qd8 32.Rf2 b5 33.axb6 axb6 34.Nfe5+ Bxe5 35.fxe5 Kg7 36.Qxh5 Rd1
37.Rxd1 Rxd1 38.Qf3 Qd3 39.Nd6 Nxe5 40.Qb7+ Kh6 41.Ne8 Qd7 42.Qxd7 Rxd7 43.e4 Nd3
44.Re2 Kg6 45.exf5+ exf5 46.h5+ Kg5 47.Re6 Nxb2 48.Rg6+ Kxh5 49.Rxb6 Re7
50.Nf6+ Kg5 51.Nd5 Nc4 52.Rb5 Ne3+  1/2-1/2

[Event "Warsaw (Women)"]
[Site "Warsaw"]
[Date "1988.??.??"]
[Round "?"]
[White "Lissowska, Anna"]
[Black "Szmacinska, Grazyna"]
[Result "0-1"]
[WhiteElo "2135"]
[BlackElo "2250"]

1.d4 Nf6 2.Bg5 g6 3.Nd2 d5 4.e3 Bg7 5.Bd3 O-O 6.f4 c5 7.c3 b6 8.Ngf3 Ba6
9.Qe2 Bxd3 10.Qxd3 Nc6 11.O-O Qd7 12.Rad1 c4 13.Qc2 Ng4 14.Rfe1 f5 15.h3 Nf6
16.Ne5 Qc7 17.Ndf3 b5 18.Qf2 Ne4 19.Qh4 Bxe5 20.fxe5 e6 21.Bh6 Rfe8 22.g4 b4
23.gxf5 exf5 24.Bf4 Qe7 25.Bg5 Qf7 26.Bf6 Rab8 27.Ng5 Nxg5 28.Qxg5 bxc3 29.bxc3 Rb2
30.Rf1 Reb8 31.Rxf5 Rxa2 32.Rdf1 Rbb2 33.R5f3 Qb7 34.e6 Qc8 35.e7 Rg2+ 36.Qxg2 Rxg2+
37.Kxg2 Qe8 38.Ra1 Nxe7 39.Rxa7 Nf5 40.Kg1 Qe4 41.Kf2 Qc2+ 42.Kf1 Qxc3 43.Bg5 Qd3+
44.Kg1 c3 45.Rc7 Kf8 46.Rxh7 Qc4 47.Rf1 c2 48.Rc1 Qe2 49.e4 Nxd4 50.Bf4 Qxe4
51.Rf1 Ne2+  0-1

[Event "Nordic-tt"]
[Site "Aabybro"]
[Date "1989.??.??"]
[Round "?"]
[White "Manninen, Marko"]
[Black "Olsen, Heini"]
[Result "1/2-1/2"]
[WhiteElo "2225"]
[BlackElo "2205"]

1.d4 Nf6 2.Bg5 c5 3.Bxf6 gxf6 4.d5 d6 5.c3 f5 6.e3 Nd7 7.Ne2 Nf6 8.Ng3 Qb6
9.Na3 Bd7 10.Nc4 Qc7 11.Qf3 b5 12.Nd2 f4 13.exf4 Qb7 14.Nde4 Nxd5 15.Ng5 h6
16.Nxf7 Kxf7 17.O-O-O h5 18.Rxd5 Bc6 19.Rf5+ Ke8 20.Qd3 h4 21.Rh5 Rxh5 22.Qg6+ Kd8
23.Nxh5 h3 24.Rg1 Kc7 25.gxh3 b4 26.c4 Be8 27.Qg2 Qxg2 28.Bxg2 Rb8 29.Ng3 Bh6
30.Ne2 Bh5 31.Bf1 Bxe2 32.Bxe2 Bxf4+ 33.Kc2 Bxh2 34.Rg7 Rf8 35.f3 Kd8 36.h4 Be5
37.Rg4 Rh8 38.f4 Bf6 39.h5 Kd7 40.Rg6 Ke6 41.Bg4+ Kf7 42.f5 a5 43.b3 Be5
44.Bf3 Bf4 45.Kd3 Be5 46.Ke3 Bf6 47.Ke4 e6 48.fxe6+ Kxe6 49.Bg4+ Ke7 50.h6 Be5
51.Re6+ Kf7 52.Kf5 Rf8 53.Bh5+ Kg8+ 54.Kg6 Kh8 55.Kg5 Bf4+ 56.Kg6 Be5 57.Be2 Bf4
58.Bf3 Be5 59.Be4 Rg8+ 60.Kf7 Bf4 61.Ke7 Rg5  1/2-1/2

[Event "Nordic-tt"]
[Site "Aabybro"]
[Date "1989.??.??"]
[Round "?"]
[White "Fries Nielsen, Jens Ove"]
[Black "Gausel, Einar"]
[Result "0-1"]
[WhiteElo "2425"]
[BlackElo "2375"]

1.d4 Nf6 2.Bg5 d5 3.Bxf6 gxf6 4.e3 c6 5.Nf3 Bg4 6.Be2 e6 7.Nbd2 Nd7 8.O-O f5
9.Ne1 Bxe2 10.Qxe2 Bd6 11.c4 Nf6 12.f4 Bb4 13.Nef3 Bxd2 14.Nxd2 Qe7 15.c5 a5
16.Kh1 O-O 17.h3 Kh8 18.g4 Rg8 19.Rg1 fxg4 20.hxg4 Ne4 21.Nxe4 dxe4 22.Rg3 Rg6
23.Kg2 Rag8 24.Rh1 f6 25.Kf1 R6g7 26.Rhg1 Qd7 27.Qc2 Qd5 28.Qb3 e5 29.Qxd5 cxd5
30.Ke2 exf4 31.exf4 a4 32.Ke3 b6 33.b4 axb3 34.axb3 Rb7 35.cxb6 Rxb6 36.Kd2 Rgb8
37.Rb1 Rb4 38.Kc3 R4b7 39.Kd2 Rc7 40.Rc3 Rg7 41.Rg3 Rgb7 42.Rh3 Rb4 43.Kc3 R8b7
44.Rh5 R4b5 45.Kd2 Rg7 46.g5 fxg5 47.Rxg5 h6 48.Rxg7 Kxg7 49.Kc3 Kg6 50.Rh1 Rb6
51.b4 Rc6+ 52.Kb3 e3 53.Re1 Re6 54.Kc3 Kf5 55.Kd3 Kxf4 56.b5 h5 57.b6 Rxb6
58.Rf1+ Kg3 59.Kxe3 Re6+ 60.Kd3 h4 61.Rf8 Re4  0-1

[Event "Aarhus op"]
[Site "Aarhus"]
[Date "1989.??.??"]
[Round "4"]
[White "Rewitz, Poul"]
[Black "Jacobsen, Bo"]
[Result "0-1"]
[WhiteElo "2260"]
[BlackElo "2290"]

1.d4 Nf6 2.Bg5 c5 3.Bxf6 gxf6 4.d5 Qb6 5.Qc1 f5 6.e3 e5 7.dxe6 dxe6 8.Na3 Nc6
9.Nc4 Qc7 10.a4 Bd7 11.Ne2 Na5 12.Nf4 Bc6 13.Qd2 Nxc4 14.Bxc4 Bg7 15.c3 a6
16.Nh5 Be5 17.f4 Bd6 18.Ng7+ Ke7 19.Qf2 Rag8 20.Qh4+ Kf8 21.Nxe6+ fxe6 22.Qf6+ Ke8
23.Qxe6+ Kd8 24.O-O-O Rg6 25.Qxf5 Qe7 26.Qxc5 Kc7 27.Qa5+ Kb8 28.Rhe1 Rxg2
29.Bd5 Bc7 30.Qb4 Qxb4 31.cxb4 Bxd5 32.Rxd5 Rxh2 33.Rd2 Rxd2 34.Kxd2 h5 35.Rh1 h4
36.Rh3 Kc8 37.Ke2 Kd7 38.Kf3 Ke6 39.e4 Bd8 40.Rh2 Rg8 41.Rh3 b5 42.b3 Be7
43.Kf2 Rf8 44.Ke3 Rb8 45.a5 Rh8 46.Kd4 Bxb4 47.f5+ Kf6 48.Rf3  0-1

[Event "Aosta op"]
[Site "Aosta"]
[Date "1989.??.??"]
[Round "?"]
[White "Indjic, Dusan"]
[Black "Braga, Fernando"]
[Result "0-1"]
[WhiteElo "2375"]
[BlackElo "2455"]

1.d4 Nf6 2.Bg5 c5 3.Bxf6 gxf6 4.d5 Qb6 5.e4 f5 6.Nd2 fxe4 7.Nxe4 Qxb2 8.Bd3 Bg7
9.Rb1 Qxa2 10.c4 Qa5+ 11.Kf1 d6 12.Qh5 Nd7 13.Nf3 Nf6 14.Qg5 Nxe4 15.Qxg7 Qc3
16.Qxc3 Nxc3 17.Ra1 b5 18.cxb5 Bb7 19.Ke1 Nxd5 20.Be4 e6 21.Nd2 Kd7 22.Nc4 Kc7
23.Kd2 Nb6 24.Bxb7 Nxc4+ 25.Kc3 Kxb7 26.Kxc4 a5 27.bxa6+ Rxa6 28.Rxa6 Kxa6
29.Rd1 Rd8 30.Rd3 Kb6 31.Rh3 d5+ 32.Kd3 c4+ 33.Ke3 Kc5 34.Rxh7 d4+ 35.Kd2 d3
36.Rxf7 c3+ 37.Kd1 Ra8 38.Rc7+ Kd4 39.Rd7+ Ke4  0-1

[Event "Bad Mergentheim op"]
[Site "Bad Mergentheim"]
[Date "1989.??.??"]
[Round "?"]
[White "Rausis, Igors"]
[Black "Horstmann, Michael"]
[Result "1-0"]
[WhiteElo "2450"]
[BlackElo "2240"]

1.d4 Nf6 2.Bg5 c5 3.Bxf6 gxf6 4.d5 Qb6 5.Qc1 f5 6.e3 Bg7 7.c3 Qg6 8.Ne2 e5
9.Ng3 O-O 10.Qc2 d6 11.Bd3 e4 12.Be2 Nd7 13.Nd2 Be5 14.O-O Nf6 15.c4 Re8
16.f4 exf3 17.Rxf3 f4 18.Bd3 Qh6 19.exf4 Bd4+ 20.Kh1 Bg4 21.Rff1 Re3 22.Nde4 Nxe4
23.Nxe4 Re8 24.Rae1 Kg7 25.Rxe3 Bxe3 26.Qc3+ Bd4 27.Qd2 Bf5 28.Nxd6 Qxd6
29.Bxf5 Qf6 30.Qc2 Bxb2 31.d6 Bd4 32.d7 Re3 33.Qd1 Qe7 34.Qg4+ Kh8 35.Bxh7 Kxh7
36.Qh5+ Kg7 37.Qg5+  1-0

[Event "GMA-qual"]
[Site "Belgorod"]
[Date "1989.??.??"]
[Round "?"]
[White "Efimov, Igor"]
[Black "Tunik, Gennady"]
[Result "0-1"]
[WhiteElo "2395"]
[BlackElo "2435"]

1.d4 Nf6 2.Bg5 d5 3.Nd2 c6 4.e3 Bf5 5.Bxf6 gxf6 6.Ne2 h5 7.h4 Bg4 8.c4 dxc4
9.Nxc4 Nd7 10.Qc2 Nb6 11.Nd2 e5 12.O-O-O Qe7 13.dxe5 fxe5 14.Ne4 Rd8 15.Rxd8+ Kxd8
16.N2c3 Kc7 17.Be2 Rg8 18.Bxg4 Rxg4 19.g3 f5 20.Ng5 Qf6 21.Rd1 Be7 22.Kb1 Rc4
23.Qd2 e4 24.Ne2 Nd5 25.Nf4 Nxf4 26.Qd7+ Kb6 27.gxf4 Rb4 28.Rd2 Qc3 29.a3 Rb5
30.Rc2 Qxa3 31.Ne6 Qd6 32.Qxd6 Bxd6 33.Rc1 Be7 34.Rh1 Bf6 35.Nd4 Rb4 36.Rg1 Bxh4
37.Rh1 Bf6 38.Rxh5 Bxd4 39.exd4 Rxd4 40.Rxf5 Rd2 41.Re5 Re2 42.Ka2 a5 43.Kb3 Ka6
44.Kc3 b5 45.b3 Kb6 46.Re8 b4+ 47.Kd4 Rxf2 48.Rxe4 Rf3 49.Ke5 Rxb3 50.f5 Rf3
51.f6 b3  0-1

[Event "GMA-qual"]
[Site "Belgorod"]
[Date "1989.??.??"]
[Round "?"]
[White "Efimov, Igor"]
[Black "Yakovich, Yuri"]
[Result "1/2-1/2"]
[WhiteElo "2395"]
[BlackElo "2455"]

1.d4 Nf6 2.Bg5 d5 3.Bxf6 exf6 4.e3 Bd6 5.Nd2 O-O 6.Bd3 Be6 7.Qf3 c5 8.c3 Nc6
9.Ne2 Qd7 10.h3 c4 11.Bc2 b5 12.Nf4 Ne7 13.e4 Bxf4 14.Qxf4 f5 15.e5 a5 16.h4 b4
17.h5 h6 18.Nf1 a4 19.a3 b3 20.Bd1 Qc7 21.g3 f6 22.exf6 Qxf4  1/2-1/2

[Event "GMA-qual"]
[Site "Belgorod"]
[Date "1989.??.??"]
[Round "?"]
[White "Efimov, Igor"]
[Black "Purgin, Nikolaj"]
[Result "1-0"]
[WhiteElo "2395"]
[BlackElo "2285"]

1.d4 Nf6 2.Bg5 d5 3.Bxf6 exf6 4.e3 Be6 5.Nd2 c6 6.Ne2 f5 7.Nf4 Bd6 8.g3 Nd7
9.c4 Bxf4 10.gxf4 Nf6 11.Qb3 O-O 12.Qxb7 Rb8 13.Qxa7 Rxb2 14.Qa3 Rxd2 15.Kxd2 Ne4+
16.Ke1 Qh4 17.Qb2 dxc4 18.Bg2 c3 19.Qc2 Bd5 20.h3 Rb8 21.Rf1 Nd2 22.Qxc3 Bxg2
23.Kxd2 Bxf1 24.Rxf1 Qxh3 25.Rc1 Qf3 26.Ke1 h5 27.Qxc6 Qg4 28.d5 Rb2 29.Rc2 Rb1+
30.Kd2 h4 31.f3 Qh5 32.d6 h3 33.d7 h2 34.d8=Q+ Kh7 35.Qca8 Rd1+ 36.Kxd1 h1=Q+
37.Kd2 Q5h2+ 38.Kc3 Qa1+ 39.Kb4 Qb1+ 40.Ka3 Qhxc2 41.Qh4+ Kg6 42.Qg5+ Kh7
43.Qh5+  1-0

[Event "GMA-qual"]
[Site "Belgorod"]
[Date "1989.??.??"]
[Round "?"]
[White "Grigorian, Karen Ashotovich"]
[Black "Kuzmin, Alexey"]
[Result "0-1"]
[WhiteElo "2420"]
[BlackElo "2465"]

1.d4 Nf6 2.Bg5 d5 3.Nf3 Ne4 4.Bf4 c6 5.c3 Bf5 6.Qb3 Qb6 7.Nbd2 Nxd2 8.Nxd2 Nd7
9.e3 e6 10.Be2 Be7 11.O-O O-O 12.Rfc1 c5 13.Qb5 Qxb5 14.Bxb5 Nb6 15.dxc5 Bxc5
16.Nb3 Be7 17.a4 a6 18.Be2 Rfc8 19.Nd2 f6 20.a5 Nd7 21.c4 Bb4 22.g4 Bg6 23.Nb3 e5
24.Bg3 Bf7 25.cxd5 Bxd5 26.Rxc8+ Rxc8 27.Rd1 Be6 28.Bf3 Rc2 29.Bxb7 Rxb2
30.Bc6 Nf8 31.Nc1 Rb1 32.Bf3 Bxa5 33.Be2 Bc3 34.Bxa6 Bb2  0-1

[Event "Belgrade op"]
[Site "Belgrade"]
[Date "1989.??.??"]
[Round "8"]
[White "Simic, Sinisa"]
[Black "Vukanovic, Sasa"]
[Result "1/2-1/2"]
[WhiteElo "2270"]
[BlackElo "2280"]

1.d4 Nf6 2.Bg5 d5 3.Bxf6 exf6 4.e3 c6 5.c4 dxc4 6.Bxc4 Bd6 7.Nc3 O-O 8.Nge2 Nd7
9.O-O f5 10.f3 c5 11.Nd5 Nb6 12.Nxb6 Qxb6 13.Qb3 Qc7 14.Kh1 b5 15.Bxb5 Rb8
16.Qd3 Bxh2 17.f4 Qb6 18.Kxh2 Qxb5 19.Qxb5 Rxb5 20.b3 Ba6 21.Nc3 Ra5 22.Rfe1 Rd8
23.Rac1 Kf8 24.Red1 Bb7 25.Na4 cxd4 26.Rxd4 Rxd4 27.exd4 Be4 28.Rc5 Ra6 29.Nc3 Rd6
30.Nxe4 fxe4 31.Ra5 Rxd4 32.Kg3 Rd7 33.Kf2 g6 34.g4 Kg7 35.Ke3 h5 36.gxh5 f5
37.hxg6 Kxg6 38.b4 Rf7 39.Ra6+ Kh5 40.Ra5 Kg6 41.Ra6+ Kh5 42.b5 Rd7 43.a4 Rd3+
44.Ke2 Rd7 45.Ke3  1/2-1/2

[Event "Benidorm op"]
[Site "Benidorm"]
[Date "1989.??.??"]
[Round "?"]
[White "Hodgson, Julian M"]
[Black "Sonntag, Hans Hubert"]
[Result "1-0"]
[WhiteElo "2545"]
[BlackElo "2375"]

1.d4 Nf6 2.Bg5 d5 3.Bxf6 gxf6 4.c4 dxc4 5.e4 Nc6 6.d5 Ne5 7.f4 Nd3+ 8.Bxd3 cxd3
9.Qxd3 Qd6 10.Ne2 f5 11.e5 Qb6 12.Nd2 e6 13.Nc3 Bb4 14.Nc4 Qa6 15.d6 cxd6
16.exd6 Bd7 17.Qd4 Rg8 18.Rd1 Rc8 19.Qf6  1-0

[Event "CZE-ch U16"]
[Site "Brno"]
[Date "1989.??.??"]
[Round "11"]
[White "Cech, Pavel"]
[Black "Gross, David"]
[Result "1-0"]
[WhiteElo "2103"]
[BlackElo "1900"]

1.d4 Nf6 2.Bg5 c5 3.Bxf6 gxf6 4.c3 cxd4 5.cxd4 Nc6 6.Nf3 Bg7 7.d5 Ne5 8.Nxe5 fxe5
9.e4 O-O 10.d6 b6 11.Nc3 Bb7 12.dxe7 Qxe7 13.Be2 Kh8 14.O-O f5 15.Bf3 fxe4
16.Bxe4 Bxe4 17.Nxe4 Qb4 18.Qd5 Rf4 19.Qxa8+  1-0

[Event "Cannes op"]
[Site "Cannes"]
[Date "1989.??.??"]
[Round "?"]
[White "Ciganovic, Dusan"]
[Black "Eperjesi, Laszlo"]
[Result "1-0"]
[WhiteElo "2315"]
[BlackElo "2375"]

1.d4 Nf6 2.Bg5 c5 3.Bxf6 exf6 4.c3 cxd4 5.cxd4 Qb6 6.Qd2 d5 7.Nc3 Be6 8.e3 Nc6
9.Nge2 Bd6 10.g3 O-O 11.Bg2 Ne7 12.O-O f5 13.Nf4 Qa5 14.Rfd1 Bb4 15.Nfe2 Rfd8
16.a3 Bxc3 17.Nxc3 Rd7 18.b4 Qd8 19.Na4 Nc8 20.Nc5 Rc7 21.Rdc1 Nd6 22.Qd1 Rac8
23.a4 Ne4 24.f3 Nd6 25.Bf1 Nc4 26.Bxc4 dxc4 27.Rc3 Re7 28.Qc2 g6 29.Nxe6 Rxe6
30.Kf2 Qd5 31.Rc1 Rec6 32.b5 R6c7 33.Qb2 b6 34.Qe2 g5 35.Rd1 Re8 36.Rdc1 Rec8
37.Rd1 Re8 38.h3 h5 39.Qf1 Kg7 40.Qg2 f6 41.g4 fxg4 42.hxg4 h4 43.Qh2 Rec8
44.e4 Qd7 45.d5 Rc5 46.Rd4 a6 47.bxa6 Qxa4 48.Rd2 Qa1 49.Rdc2 Qxa6 50.Qd6 Rf8
51.e5 Qa7 52.Re2 Rc7 53.Ra3 Qb7 54.exf6+ Rxf6 55.Qe5 Kg6 56.Qe4+ Kg7 57.Qd4 Kg6
58.Re8 Re7 59.Rg8+ Kf7 60.Raa8 Rd7  1-0

[Event "Copenhagen op"]
[Site "Copenhagen"]
[Date "1989.??.??"]
[Round "1"]
[White "Thuesen, Mogens"]
[Black "Adamski, Jan"]
[Result "1/2-1/2"]
[WhiteElo "2295"]
[BlackElo "2435"]

1.d4 Nf6 2.Bg5 g6 3.Bxf6 exf6 4.e3 f5 5.Nf3 d6 6.Bd3 Nd7 7.Nbd2 Nf6 8.O-O Bg7
9.c3 O-O 10.b4 Re8 11.Qc2 Qe7 12.a4 Ne4 13.a5 c6 14.b5 c5 15.Rab1 Bd7 16.Bc4 Rac8
17.Qb2 Be6 18.Bxe6 Qxe6 19.Nxe4 fxe4 20.Ne1 Qc4 21.g3 cxd4 22.cxd4 Bh6 23.Ng2 Qc3
24.Qa2 Rc4 25.Rb3 Qc2 26.Rb2 Qc3 27.Rb3 Qc2 28.Rb2 Qa4 29.Qxa4 Rxa4 30.Rc1 Rxa5
31.Nf4 Bxf4 32.gxf4 Kf8 33.b6 axb6 34.Rxb6 Re6 35.Rxb7 g5 36.Rb8+ Kg7 37.fxg5 Rxg5+
38.Kf1 Rh6 39.Rc6 Rxh2 40.Rxd6 Rh1+ 41.Ke2 Rf5 42.Re8  1/2-1/2

[Event "Copenhagen op"]
[Site "Copenhagen"]
[Date "1989.??.??"]
[Round "10"]
[White "Andersen, Ib"]
[Black "Veroci, Zsuzsa"]
[Result "1/2-1/2"]
[WhiteElo "2215"]
[BlackElo "2335"]

1.d4 Nf6 2.Bg5 g6 3.Nc3 d5 4.Qd2 c6 5.f3 h6 6.Bh4 Bg7 7.e4 O-O 8.e5 Ne8 9.f4 b5
10.Nf3 Nc7 11.Bd3 Nba6 12.a3 Rb8 13.b4 Na8 14.Nd1 Nb6 15.Ne3 Nc7 16.O-O Nc4
17.Qf2 a5 18.Nd2 Ra8  1/2-1/2

[Event "Espoo op"]
[Site "Espoo"]
[Date "1989.??.??"]
[Round "4"]
[White "Nei, Iivo"]
[Black "Raaste, Eero J"]
[Result "1/2-1/2"]
[WhiteElo "2440"]
[BlackElo "2395"]

1.d4 Nf6 2.Bg5 d5 3.Nd2 e6 4.e3 c5 5.c3 Nc6 6.Bd3 Be7 7.Ngf3 Qb6 8.Qc2 h6
9.Bh4 Bd7 10.O-O Rc8 11.a3 O-O 12.Rab1 Rfd8 13.Qd1 cxd4 14.exd4 Nh7 15.Bxe7 Nxe7
16.Re1 Nf8 17.Ne5 Be8 18.Nf1 f6 19.Nf3 Bg6 20.Ng3  1/2-1/2

[Event "Haifa zt (Women)"]
[Site "Haifa"]
[Date "1989.??.??"]
[Round "?"]
[White "Podrazhanskaya, Olga"]
[Black "Ehrke, Anja"]
[Result "0-1"]
[WhiteElo "2200"]
[BlackElo "2210"]

1.d4 Nf6 2.Bg5 d5 3.Nd2 Bf5 4.Ngf3 Nbd7 5.e3 e6 6.h3 Be7 7.c4 c6 8.Be2 Ne4
9.Bf4 g5 10.Bh2 h5 11.Nxe4 Bxe4 12.O-O g4 13.hxg4 hxg4 14.Nd2 Rxh2 15.Nxe4 dxe4
16.Bxg4 Rh7 17.f4 Bd6 18.d5 Bc5 19.Re1 Qb6 20.dxe6 Bxe3+ 21.Kf1 fxe6 22.Bxe6 O-O-O
23.Bh3 Bxf4 24.Rxe4 Rf8 25.Qe2  0-1

[Event "Hastings Challengers8990"]
[Site "Hastings"]
[Date "1989.??.??"]
[Round "?"]
[White "Plaskett, Jim"]
[Black "Morawietz, Dieter"]
[Result "1-0"]
[WhiteElo "2460"]
[BlackElo "2295"]

1.d4 Nf6 2.Bg5 d5 3.Bxf6 exf6 4.e3 Bd6 5.c4 dxc4 6.Bxc4 O-O 7.Nc3 c6 8.Nf3 Qe7
9.O-O Bg4 10.h3 Bh5 11.g4 Bg6 12.Nh4 b5 13.Bb3 b4 14.Na4 Nd7 15.Nxg6 hxg6
16.Qc2 c5 17.Qxg6 Rac8 18.Qd3 c4 19.Bxc4 f5 20.Ba6 Qh4 21.Qxf5 Qxh3 22.Qh5 Bh2+
23.Kh1 Qf3+ 24.Kxh2 Nf6 25.Qh4 Nxg4+ 26.Kg1 Nxe3 27.fxe3 Qxe3+ 28.Qf2 Qg5+
29.Qg2 Qe3+ 30.Rf2 Rcd8 31.Qf3 Qxd4 32.Qf4  1-0

[Event "Hastings Challengers8990"]
[Site "Hastings"]
[Date "1989.??.??"]
[Round "?"]
[White "Plaskett, Jim"]
[Black "Handley, Mike"]
[Result "1-0"]
[WhiteElo "2460"]
[BlackElo "2205"]

1.d4 Nf6 2.Bg5 c5 3.d5 Qb6 4.Nc3 Qxb2 5.Bd2 Qb6 6.e4 d6 7.f4 e5 8.dxe6 Bxe6
9.Nf3 Nc6 10.f5 Bc8 11.Bc4 Be7 12.Qe2 Qd8 13.g4 Nxg4 14.Rg1 h5 15.h3 Bh4+
16.Kf1 Nge5 17.Rxg7 Bf6 18.Rg2 Nxf3 19.Qxf3 Bd7 20.Qxh5 Qe7 21.Nd5 Bxa1 22.Rg8+ Rxg8
23.Nxe7 Nxe7 24.Bxf7+ Kd8 25.Bg5 Rh8 26.Qg6 Be5 27.h4 Rc8 28.h5 Rc6 29.Bd5 Rc7
30.h6 Kc8 31.Bxe7 Bb5+ 32.c4 Rxe7 33.f6 Reh7 34.f7 Rxh6 35.Qxh6  1-0

[Event "Imperia op"]
[Site "Imperia"]
[Date "1989.??.??"]
[Round "3"]
[White "Sahovic, Dragutin"]
[Black "Dragojlovic, Andjelko"]
[Result "1/2-1/2"]
[WhiteElo "2410"]
[BlackElo "2315"]

1.d4 Nf6 2.Bg5 g6 3.Nd2 Bg7 4.e4 d6 5.c3 c5 6.dxc5 dxc5 7.Bb5+ Bd7 8.Qe2 O-O
9.Ngf3 Qb6 10.a4 Bxb5 11.axb5 Nbd7 12.O-O h6 13.Bh4 g5 14.Bg3 Nh5 15.Rfd1 Rfd8
16.Nf1 Nf8 17.Ne3 e6 18.Nd2 Nf6 19.Qc4 a6 20.bxa6 Rxa6 21.Rxa6 bxa6 22.Nb1 Rxd1+
23.Nxd1 Nh5 24.Qe2 Nxg3 25.hxg3 Nd7 26.Na3 Qb3 27.Qc2 Qxc2 28.Nxc2 Kf8 29.Kf1 Ke7
30.Ke2 Kd6 31.Na3 Nb6 32.Kd3 Kc6 33.Ne3 h5 34.Nac4 Nd7 35.Na5+ Kb6 36.Nac4+  1/2-1/2

[Event "JUG-ch"]
[Site "?"]
[Date "1989.??.??"]
[Round "?"]
[White "Maksimovic, Branimir"]
[Black "Kozul, Zdenko"]
[Result "0-1"]
[WhiteElo "2425"]
[BlackElo "2490"]

1.d4 Nf6 2.Bg5 c5 3.d5 Qb6 4.Nd2 Nxd5 5.e4 h6 6.Bh4 Nf4 7.Bg3 Qf6 8.Ne2 Nxe2
9.Bxe2 Qxb2 10.O-O Nc6 11.Rb1 Qd4 12.Rb3 e6 13.Rf3 Qa4 14.Re3 Nd4 15.Bd3 b6
16.Qb1 Ba6 17.c3 c4 18.Nxc4 Ne2+ 19.Bxe2 Bxc4 20.Bxc4 Qxc4 21.Qd1 Bc5 22.Rd3 Qxe4
23.Rxd7 O-O 24.Bd6 Bxd6 25.Qxd6 Qc2 26.Qa3 a5 27.Qb3 Qxb3 28.axb3 Rfd8 29.Rb7 Rd6
30.g3 Rad8 31.Rc1 R8d7 32.Rxd7 Rxd7 33.c4 Rc7 34.Kf1 Kf8 35.Ke2 Ke7 36.Kd3 Kd6
37.Kc3 b5 38.Rd1+ Kc5 39.cxb5 Kxb5+ 40.Kb2 g5 41.Rd8 Rc5 42.Rb8+ Kc6 43.g4 Re5
44.Rc8+ Kd5 45.Rc2 Ke4 46.Ka3 Kf3 47.h3 f5 48.gxf5 exf5 49.Ka4 f4 50.Rc6 h5  0-1

[Event "Kehl BM"]
[Site "Kehl"]
[Date "1989.??.??"]
[Round "1"]
[White "Villing, Dieter"]
[Black "Kurz, Eugen"]
[Result "1/2-1/2"]
[WhiteElo "2320"]
[BlackElo "2230"]

1.d4 Nf6 2.Bg5 c5 3.Bxf6 exf6 4.c3 cxd4 5.cxd4 Qb6 6.Qd2 Nc6 7.e3 d5 8.Nc3 Be6
9.Nge2 Na5 10.Nf4 Bb4 11.Bb5+ Kf8 12.Qe2 a6 13.Bd3 Rc8 14.O-O Bxc3 15.bxc3 Qd6
16.Qb2 g6 17.Ne2 Kg7 18.a4 Rhe8 19.Rfb1 Bg4 20.h3 Bxe2 21.Bxe2 f5 22.Bf3 f4
23.exf4 Nc4 24.Qc1 Rc7 25.g3 Rce7 26.Qc2 h5 27.h4 b6 28.Rf1 f5 29.Rad1 Kf6
30.Kh2 Qc6 31.Qc1 Rd8 32.Qa1 Qe8 33.Qa2 Re6 34.Rc1 Ke7 35.Rfe1 Kd6 36.Re5 Rxe5
37.fxe5+ Kc7 38.Be2 f4 39.Bd3 Qe6 40.Qe2 Rf8 41.Rd1 f3 42.Qf1 Nb2 43.Rd2 Nxd3
44.Qxd3 Rf4 45.Qe3 g5 46.c4 Re4 47.Qxg5 Re1 48.g4 Re2 49.cxd5 Qxg4 50.Qe7+ Kb8
51.Qd8+  1/2-1/2

[Event "Leon"]
[Site "Leon"]
[Date "1989.??.??"]
[Round "?"]
[White "De la Villa Garcia, Jesus Maria"]
[Black "Polgar, Sofia"]
[Result "0-1"]
[WhiteElo "2430"]
[BlackElo "2295"]

1.d4 Nf6 2.Bg5 c5 3.Nc3 cxd4 4.Qxd4 Nc6 5.Qh4 e6 6.e4 Bb4 7.Bd3 Ne5 8.Ne2 h6
9.f4 Ng6 10.Bxf6 Qxf6 11.Qxf6 gxf6 12.Rf1 Rg8 13.g3 d6 14.O-O-O Ke7 15.a3 Bc5
16.b4 Be3+ 17.Kb2 a6 18.Bc4 b5 19.Bb3 Bd7 20.Rf3 Bb6 21.Rfd3 Bc7 22.Nd4 h5
23.h4 Rab8 24.Re1 Kf8 25.Rf1 Ne7 26.f5 e5 27.Nde2 Bc6 28.Bd5 Bxd5 29.Nxd5 Nxd5
30.Rxd5 Rg4 31.Nc3 Rxg3 32.Rd3 Rg4 33.Nd5 Bd8 34.Re1 Rc8 35.Ree3 Rc4 36.Rc3 Rxc3
37.Rxc3 Ke8 38.Rc8 Kd7 39.Ra8 Rxe4 40.Rxa6 Rxh4 41.c3 Rh2+ 42.Kb3 Rd2 43.Ra7+ Ke8
44.Ne3 h4 45.a4 Rd3 46.Ng4 Rg3 47.Nf2 h3 48.Ne4 Rd3 49.axb5 h2 50.Ra1 d5
51.Nf2 Rd2 52.Ng4 Rg2 53.Nxh2 Rxh2 54.Ra8 Kd7 55.Ra7+ Kd6 56.Ra6+ Kc7 57.Ra7+ Kb6
58.Rd7 Bc7 59.Rxd5 e4 60.c4 e3 61.Rd7 Be5 62.Re7 Rb2+ 63.Ka4 Rxb4+  0-1

[Event "Haringey"]
[Site "London"]
[Date "1989.??.??"]
[Round "?"]
[White "Mortazavi, Ali"]
[Black "Kool, GJ."]
[Result "1-0"]
[WhiteElo "2325"]
[BlackElo "2260"]

1.d4 Nf6 2.Bg5 g6 3.Nd2 d5 4.Bxf6 exf6 5.e3 Bg7 6.h4 h6 7.Bd3 Nc6 8.c3 Ne7
9.Ne2 Bf5 10.Bxf5 Nxf5 11.g4 Nd6 12.Ng3 Qd7 13.Qf3 O-O-O 14.O-O-O Qb5 15.Kb1 Rhe8
16.Rhe1 Re6 17.Qe2 Nc4 18.Nxc4 dxc4 19.e4 Bf8 20.Nf1 Ba3 21.f3 f5 22.gxf5 gxf5
23.Ka1 Be7 24.d5 Ra6 25.Ne3 Qb3 26.Kb1 Qxa2+ 27.Kc2 Qb3+ 28.Kb1 Qa2+ 29.Kc2 fxe4
30.fxe4 Qb3+ 31.Kb1 Qa2+ 32.Kc2 Bxh4 33.Qg4+ f5 34.Qxh4 Qb3+ 35.Kb1 Qa2+
36.Kc1 Rb6 37.Re2 Qa1+ 38.Kd2 Qxb2+ 39.Nc2 fxe4 40.Qxe4 Rbd6 41.Qf5+ Kb8
42.Re5 a6 43.Rde1 Qb5 44.Ne3 Qb2+ 45.Qc2 Qb5 46.Rb1 Qc5 47.Qe4 c6 48.Re7 b5
49.Rf1 cxd5 50.Qe5 Ka8 51.Rff7 Rg8 52.Ra7+ Kb8 53.Rfb7+ Kc8 54.Qf5+  1-0